| 000 | 00923nam a2200241 a 4500 | ||
|---|---|---|---|
| 001 | 83238 | ||
| 003 | BD-RjUL | ||
| 005 | 20260413140742.0 | ||
| 008 | 240305s20222011ii ||||| |||| 00| 0 ben d | ||
| 020 | _a9788185479675 | ||
| 035 | _a(BD-RjUL)83238 | ||
| 040 |
_aBD-RjUL _beng _cBD-RjUL |
||
| 041 | _aben | ||
| 082 |
_223 _a820 _bCHB 2022 |
||
| 100 |
_aচক্রবর্তী, স্বপন _912087 |
||
| 245 |
_aবাঙালির ইংরেজি সাহিত্যচর্চা / _cস্বপন চক্রবর্তী |
||
| 250 | _a২য় সং. | ||
| 260 |
_aকলকাতা : _bঅনুষ্টুপ প্রকাশনী, _c২০১১, [পুনর্মুদ্রণ ২০২২] |
||
| 300 |
_a১৭৬ পৃ.; _c২২ সেমি. |
||
| 650 |
_aইংরেজি সাহিত্যচর্চা _912088 |
||
| 650 | _aEnglish Literature | ||
| 942 |
_2ddc _cBK |
||
| 999 |
_c83238 _d83238 |
||